Kombinácia metód hodnotenia pri hodnotení zamestnancov z pohľadu riadenia výrobného podniku

Spravodlivé a motivačné hodnotenie je dôležitou investíciou nielen do rozvoja zamestnanca ako takého, ale aj perspektívnou investíciou do rozvoja podniku. Hodnotenie zamestnancov podniku a jeho vplyv na výkonnosť a motiváciu človeka v súvislosti s riadením podniku. Využitie kombinácie hodnotiacich m...

Ausführliche Beschreibung

Gespeichert in:
Bibliographische Detailangaben
1. Verfasser: Hitka, Miloš
Weitere Verfasser: Aláč, Patrik
Format: Buchkapitel
Sprache:Slowakisch
Schlagworte:
Tags: Tag hinzufügen
Keine Tags, Fügen Sie das erste Tag hinzu!

MARC

LEADER 00000nla$a2200000$$$4500
001 0041469
005 20231106102902.0
041 0 |a slo 
044 |a SK 
245 1 0 |a Kombinácia metód hodnotenia pri hodnotení zamestnancov z pohľadu riadenia výrobného podniku  |c Miloš Hitka, Patrik Aláč 
520 |a Spravodlivé a motivačné hodnotenie je dôležitou investíciou nielen do rozvoja zamestnanca ako takého, ale aj perspektívnou investíciou do rozvoja podniku. Hodnotenie zamestnancov podniku a jeho vplyv na výkonnosť a motiváciu človeka v súvislosti s riadením podniku. Využitie kombinácie hodnotiacich metód pre objektívne posúdenie výkonnosti zamestnancov. 
610 2 0 |a hodnotenie pracovníkov 
610 2 0 |a riadenie podnikové 
610 2 0 |a zdroje ľudské 
610 2 0 |a riadenie ľudských zdrojov 
100 1 |a Hitka, Miloš 
700 1 |a Aláč, Patrik